000 02669nam a2200241Ii 4500
008 221202s xx 000 0 und d
245 0 _aPrecarious Creativity
246 _aGlobal Media, Local Labor
264 _bUniversity of California Press
_c2016
300 _a1 online resource
336 _atext
_btxt
_2rdacontent
337 _acomputer
_bc
_2rdamedia
338 _aonline resource
_bcr
_2rdacarrier
520 _aPrecarious Creativity examines the seismic changes confronting media workers in an age of globalization and corporate conglomeration. This pathbreaking anthology peeks behind the hype and supposed glamor of screen media industries to reveal the intensifying pressures and challenges workers face. The authors take on crucial issues and provide insightful case studies of workplace dynamics regarding creativity, collaboration, exploitation, and cultural difference. Furthermore, they investigate working conditions and organizing efforts on all six continents, offering comprehensive analysis of contemporary screen media labor in places such as Lagos, Prague, Hollywood, and Hyderabad, across a range of job categories that includes visual effects, production services, and adult entertainment. With contributions from John Caldwell, Vicki Mayer, Herman Gray, Tejaswini Ganti, and others, this collection offers timely critiques of media globalization and broader debates about labor, creativity, and precarity. “Every case study is an eye-opener, and no other book comes close in assessing the plight of creative workers in the era of global conglomerate Hollywood.” -THOMAS SCHATZ, University of Texas at Austin “A corrective to previous, U.S.-centric attempts to understand the global media economy by offering a bracing look at the dark underbelly of life for most media workers today.” -DENISE MANN, University of California, Los Angeles “A balanced and comprehensive portrayal of the reshaping of the contours of work and industry organization under the twin circumstances of digital disruption and a globalizing media system.” -TOM O’REGAN, The University of Queensland MICHAEL CURTIN is a professor of Film and Media Studies at University of California, Santa Barbara. KEVIN SANSON is a Lecturer in Entertainment Industries at Queensland University of Technology in Australia.
653 _aLabor & Employment
653 _aLaw
653 _aMedia Studies
653 _aPolitical Science
653 _aSocial Science
700 1 _aCurtin, Michael
856 _uhttps://library.oapen.org/bitstream/20.500.12657/43727/1/external_content.epubhttps://library.oapen.org/handle/20.500.12657/43727
942 _cE-BOOK
999 _c64874
_d64874